Intercanvi d'experiències PEC [Enregistrament de vídeo] : el compromís cívic amb l'educació : sentir, actuar i sumar el compromís cívic amb l'educació :
Descripción Física:
1 disc òptic (DVD) ; ca. 47 min : col., so
MARC
| LEADER | 00000ngm a2200000Ia 4500 | ||
|---|---|---|---|
| 001 | 23336 | ||
| 007 | co aa aaaaa | ||
| 008 | 160829s9999 xx 000 0 cat d | ||
| 080 | |a CD-1-213 | ||
| 245 | |a Intercanvi d'experiències PEC [Enregistrament de vídeo] : |b el compromís cívic amb l'educació : |b sentir, actuar i sumar | ||
| 260 | |a Barcelona: |b Diputació de Barcelona. Àrea d'Educació, [2011?] | ||
| 300 | |a 1 disc òptic (DVD) ; |c ca. 47 min : col., so | ||
| 650 | |a Projecte educatiu de ciutat |9 39276 | ||
| 650 | 0 | |a Educació no-formal |9 39118 | |
| 655 | 0 | |9 54986 |a DVD | |
| 710 | |a Barcelona (Catalunya : Província). |b Àrea d'Educació |9 8009 | ||
| 901 | |a Arxiu | ||
| 942 | |n 1 |2 udc | ||
| 952 | |0 0 |1 0 |4 0 |6 CD1213 |7 1 |9 54109 |a Arxiu |b Arxiu |d 2011-11-16 |l 0 |o CD-1-213 |p 23336 |r 2016-12-01 00:00:00 |w 2016-12-01 |y ARXIU | ||
| 999 | |c 57978 |d 57978 | ||